|
|
|
|
| LEADER |
00000nab a2200000uu 4500 |
| 001 |
vtls011437739 |
| 003 |
SK-MaSNL |
| 005 |
20260303145628.0 |
| 008 |
230222| xo |||||||||||||||||cze| |
| 015 |
|
|
|a SNBRB
|
| 035 |
|
|
|a (urnnbn)urn:nbn:sk:snk:ar-002laa
|
| 035 |
|
|
|a (uuid)2b3b3562-a671-474b-8625-5657a28e3858
|
| 035 |
|
|
|a urn:nbn:sk:snk-abcctu
|
| 040 |
|
|
|a SNKBUCL
|b slo
|c SNKBUCL
|e AACR2
|
| 041 |
0 |
|
|a cze
|
| 044 |
|
|
|a xo
|c SK
|
| 100 |
1 |
|
|a Kádnerová, Božena
|4 aut
|9 63397
|
| 245 |
1 |
0 |
|a K některým materiálním podmínkám života dětí v mateřské škole
|c Božena Kádnerová
|
| 773 |
0 |
|
|t Predškolská výchova : pedagogický časopis pre učiteľky materských škôl
|g Roč. 26, č. 10-11 (1971-1972), s. 275-277
|
| 958 |
|
|
|a OND
|
| 958 |
|
|
|a EUIPO
|
| 958 |
|
|
|a article16
|
| 999 |
|
|
|c 2004191
|d 2006121
|